000 00385nam a2200133Ia 4500
008 231129s9999||||xx |||||||||||||| ||spa||
020 _a958-30-0079-5
040 _bspa
082 _a862 F363si
100 _aFernández de Moratí­n Leandro
245 0 _aEl sí­ de las niñas
264 _aBogotá Colombia : Panamericana
942 _2ddc
_cBKS
999 _c12426
_d12426